| 000 | 00701nam a2200181 a 4500 | ||
|---|---|---|---|
| 008 | 160830s2015 ||||||||||||||||| || u | ||
| 050 | _aCBU-PGTHESIS/AGA | ||
| 100 | _aAgabu, Shane | ||
| 245 | 1 | 0 |
_aBioenergy resource assessment and deployment of approaches in Zambia _cby Shane Agabu |
| 260 |
_aBangkok _bKing Mongkut's University of Technolgy Thonburi _c2015 |
||
| 300 | _axii,185p.:ill. | ||
| 500 | _aIncludes References | ||
| 650 | 0 | _aRENEWABLE ENERGY SOURCES | |
| 650 | _aBIOMASS GASIFICATION | ||
| 650 | _aBIOMASS ENERGY | ||
| 650 | _aBIOGAS - ZAMBIA | ||
| 995 |
_FCBU-MAIN LIBRARY (Kitwe) _UAVAILABLE _WMar 21, 2017 _ZUniversity Collection |
||
| 999 |
_c35876 _d35876 |
||